Otter v Norman (Record no. 11444)
[ view plain ]
| 000 -LEADER | |
|---|---|
| fixed length control field | 01343cab a2200193 4500 |
| 001 - CONTROL NUMBER | |
| control field | ABS39515 |
| 008 - FIXED-LENGTH DATA ELEMENTS--GENERAL INFORMATION | |
| fixed length control field | 090401t1988 xxu||||| |||| 00| 0 eng d |
| 035 ## - SYSTEM CONTROL NUMBER | |
| System control number | (Sirsi) u17261 |
| 041 ## - LANGUAGE CODE | |
| Language code of text/sound track or separate title | eng |
| 245 ## - TITLE STATEMENT | |
| Title | Otter v Norman |
| 260 ## - PUBLICATION, DISTRIBUTION, ETC. | |
| Date of publication, distribution, etc. | 1988 |
| 350 ## - PRICE (NR) (BK AM CF MU VM SE) [OBSOLETE] | |
| Price | 0 |
| 490 ## - SERIES STATEMENT | |
| Series statement | Weekly Law Reports |
| Volume/sequential designation | (1988) 3 WLR 321-326(6) |
| 520 ## - SUMMARY, ETC. | |
| Summary, etc. | HL 7 July 1988 Appeal by Norman (N) from CA decision dismissing an appeal by N from a cc order by which N was required to give up possession of a bed-sitting room. The landlord Otter (O) had let the room to N at a weekly rent which included a continental breakfast served in a communal dining room. O claimed for possession and both the cc and CA held that N did not have a protected tenancy because the daily provision of breakfast amounted to " board " under Rent Act 1977 s7(1) . HL held, dismissing appeal, that any amount of board that was not de minimus was sufficient to exclude a tenancy from statutory protection and that the provision of a meal, including the ancillary service involved in preparing it and the provision of crockery and cutlery, amounted to "board" within the meaning of s7(1). |
| 650 ## - SUBJECT ADDED ENTRY--TOPICAL TERM | |
| Topical term or geographic name entry element | PROPERTY-RESIDENTIAL PROPERTY-RESIDENTIAL LANDLORD AND TENANT-RESIDENTIAL TENANCIES |
| 690 ## - LOCAL SUBJECT ADDED ENTRY--TOPICAL TERM (OCLC, RLIN) | |
| Topical term or geographic name as entry element | LANDLORD AND TENANT-CASE LAW-RESIDENTIAL TENANCIES |
| 942 ## - ADDED ENTRY ELEMENTS (KOHA) | |
| Suppress in OPAC | 0 |
| 948 ## - LOCAL PROCESSING INFORMATION (OCLC); SERIES PART DESIGNATOR (RLIN) | |
| c (OCLC) | 04/03/1997 |
| Withdrawn status | Lost status | Source of classification or shelving scheme | Damaged status | Not for loan | Home library | Current library | Shelving location | Date acquired | Total Checkouts | Full call number | Barcode | Date last seen | Copy number | Price effective from | Koha item type |
|---|---|---|---|---|---|---|---|---|---|---|---|---|---|---|---|
| Dewey Decimal Classification | London | London | Journal article | 14/09/1999 | ABS39515 | 17261-1001 | 06/08/2019 | 1 | 06/08/2019 | Law report |